[Event "XLVI C.to Italiano a squadre Master"]
[Site "Condino ITA"]
[Date "2014.04.30"]
[Round "1"]
[White "Horvath, Csaba"]
[Black "Salgado Lopez, Ivan"]
[WhiteElo "2557"]
[BlackElo "2612"]
[Result "1-0"]
[PlyCount "95"]
[EventDate "2014.04.30"]

1. d4 Nf6 2. c4 g6 3. Nf3 Bg7 4. g3 d5 5. cxd5 Nxd5 6. Bg2 Nb6 7. O-O Nc6 8. e3
O-O 9. Nc3 Re8 10. h3 a5 11. d5 Ne5 12. Nxe5 Bxe5 13. e4 e6 14. Bh6 exd5 15.
exd5 Nc4 16. Re1 Bd7 17. Rxe5 Nxe5 18. f4 Qf6 19. fxe5 Rxe5 20. Bf4 Qb6+ 21.
Kh2 Ree8 22. Qb3 Kg7 23. Qxb6 cxb6 24. Bc7 b5 25. Ne4 b4 26. Bb6 f6 27. Nc5 Bb5
28. Ne6+ Rxe6 29. dxe6 Ra6 30. Bf2 Rxe6 31. Re1 Bc4 32. Rxe6 Bxe6 33. Bb6 a4
34. a3 bxa3 35. bxa3 Bc8 36. Kg1 h5 37. Kf2 g5 38. h4 Kg6 39. Ke3 f5 40. hxg5
Kxg5 41. Bf3 f4+ 42. gxf4+ Kh6 43. Ke4 Kg6 44. Ke5 h4 45. Be4+ Kh6 46. f5 h3
47. f6 h2 48. Be3+ 1-0

[Event "XLVI C.to Italiano a squadre Master"]
[Site "Condino ITA"]
[Date "2014.04.30"]
[Round "1"]
[White "Horvath, Jozsef"]
[Black "Gajewski, Grzegorz"]
[WhiteElo "2505"]
[BlackElo "2631"]
[Result "0-1"]
[PlyCount "56"]
[EventDate "2014.04.30"]

1. Nf3 d5 2. d4 Nf6 3. c4 e6 4. e3 Bd6 5. Nc3 O-O 6. b3 b6 7. Bb2 Bb7 8. Bd3
Nbd7 9. O-O c5 10. cxd5 exd5 11. Rc1 Rc8 12. Bf5 a6 13. Bxd7 Qxd7 14. Na4 Qd8
15. dxc5 bxc5 16. Nh4 g6 17. b4 cxb4 18. Qd4 Be7 19. Nf3 Rc4 20. Qa7 Qb8 21.
Qxb8 Rxb8 22. Nb6 Rc6 23. Be5 Rd8 24. Nd4 Nd7 25. Nxd5 Nxe5 26. Nxe7+ Kf8 27.
Nexc6 Bxc6 28. Rxc6 Rd5 0-1

[Event "XLVI C.to Italiano a squadre Master"]
[Site "Condino ITA"]
[Date "2014.04.30"]
[Round "1"]
[White "Iordachescu, Viorel"]
[Black "Guido, Flavio"]
[WhiteElo "2601"]
[BlackElo "2413"]
[Result "1-0"]
[PlyCount "73"]
[EventDate "2014.04.30"]

1. c4 Nf6 2. Nc3 d5 3. cxd5 Nxd5 4. g3 g6 5. Bg2 Nxc3 6. bxc3 Bg7 7. h4 h6 8.
Nf3 c5 9. O-O Nc6 10. Rb1 O-O 11. d3 Qc7 12. Be3 b6 13. Bf4 Qd7 14. d4 Ba6 15.
dxc5 Qxd1 16. Rfxd1 bxc5 17. Rd5 Bxe2 18. Rxc5 Rac8 19. Nd2 e5 20. Be3 Ne7 21.
c4 Nf5 22. Rxc8 Rxc8 23. Bxa7 Bxc4 24. Nxc4 Rxc4 25. Bd5 Rc2 26. Rb7 Nd6 27.
Rd7 Bf8 28. a4 Rd2 29. Bxf7+ Kg7 30. Bb3+ Kf6 31. Bc5 Be7 32. a5 Rd3 33. Bg8 e4
34. a6 Nf5 35. Bxe7+ Nxe7 36. Rxd3 exd3 37. a7 1-0

[Event "XLVI C.to Italiano a squadre Master"]
[Site "Condino ITA"]
[Date "2014.04.30"]
[Round "1"]
[White "Malloni, Marcello"]
[Black "Bentivegna, Francesco"]
[WhiteElo "2350"]
[BlackElo "2282"]
[Result "1/2-1/2"]
[PlyCount "57"]
[EventDate "2014.04.30"]

1. d4 f5 2. g3 Nf6 3. Bg2 g6 4. Nf3 Bg7 5. O-O O-O 6. b3 d6 7. Bb2 Ne4 8. c4
Nc6 9. Nc3 Nxc3 10. Bxc3 Qe8 11. Qd2 e5 12. dxe5 dxe5 13. Rfd1 a5 14. Qb2 Qe7
15. Ne1 Bd7 16. Nd3 Rae8 17. e3 g5 18. Rd2 Bc8 19. Rad1 e4 20. Bxg7 Qxg7 21.
Qxg7+ Kxg7 22. Ne1 Rd8 23. f3 Rxd2 24. Rxd2 exf3 25. Nxf3 Kf6 26. Nd4 Nxd4 27.
exd4 Re8 28. Kf2 c6 29. c5 1/2-1/2

[Event "XLVI C.to Italiano a squadre Master"]
[Site "Condino ITA"]
[Date "2014.04.30"]
[Round "1"]
[White "Mazzilli, Piero"]
[Black "Brunello, Sabino"]
[WhiteElo "2362"]
[BlackElo "2575"]
[Result "0-1"]
[PlyCount "80"]
[EventDate "2014.04.30"]

1. d4 Nf6 2. Nf3 g6 3. Bg5 Bg7 4. Nbd2 O-O 5. e4 d6 6. Bd3 Nbd7 7. O-O e5 8. c3
h6 9. Bh4 Re8 10. Re1 Qe7 11. h3 Qf8 12. Bg3 c6 13. dxe5 dxe5 14. Nc4 Nh5 15.
Bh2 Re6 16. Qc2 Qe7 17. Rad1 b5 18. Ne3 Nf4 19. Bf1 Rf6 20. Ng4 Nxh3+ 21. gxh3
Rxf3 22. Bg2 Rf4 23. Bxf4 exf4 24. e5 Nc5 25. Qd2 Bxg4 26. hxg4 Qg5 27. Qd6 Bf8
28. Qxc6 Rb8 29. e6 Nxe6 30. Bf3 Rb6 31. Qe8 Kg7 32. Rd7 Qf6 33. Bd5 Ng5 34.
Re5 Rd6 35. Rxa7 Rd8 36. Bxf7 Rxe8 37. Bxe8+ Kg8 38. Rxb5 Qe6 39. Bd7 Qe1+ 40.
Kg2 f3+ 0-1

[Event "XLVI C.to Italiano a squadre Master"]
[Site "Condino ITA"]
[Date "2014.04.30"]
[Round "1"]
[White "Mogranzini, Roberto"]
[Black "Misiano, Franco"]
[WhiteElo "2499"]
[BlackElo "2252"]
[Result "1-0"]
[PlyCount "91"]
[EventDate "2014.04.30"]

1. c4 e5 2. g3 Nc6 3. Nc3 g6 4. Bg2 Bg7 5. d3 d6 6. e4 Nge7 7. Nge2 O-O 8. O-O
Be6 9. Nd5 h6 10. Be3 f5 11. Qd2 Kh7 12. Rac1 Qd7 13. b4 Nd8 14. Nxe7 Qxe7 15.
exf5 Bxf5 16. d4 Qd7 17. dxe5 dxe5 18. Qxd7 Bxd7 19. Nc3 c6 20. Bc5 Rf7 21. Ne4
Be6 22. a4 Rd7 23. a5 Bf5 24. a6 bxa6 25. Ra1 Ne6 26. Rxa6 Nd4 27. Re1 Rb8 28.
h3 Be6 29. Nd6 Nc2 30. Rb1 Bf8 31. Rxc6 Be7 32. Ne4 Bf7 33. Bxe7 Rxe7 34. b5
Rd8 35. Nd6 Bg8 36. Be4 Nd4 37. Ra6 Ne2+ 38. Kh2 Nc3 39. Re1 Nxe4 40. Rxe4 Rdd7
41. c5 Bd5 42. Re3 Re6 43. Rd3 Ba8 44. c6 Rg7 45. Ne4 Rf7 46. Rd8 1-0

[Event "XLVI C.to Italiano a squadre Master"]
[Site "Condino ITA"]
[Date "2014.04.30"]
[Round "1"]
[White "Napoli, Nicolo'"]
[Black "Marinelli, Tullio"]
[WhiteElo "2241"]
[BlackElo "2367"]
[Result "1/2-1/2"]
[PlyCount "47"]
[EventDate "2014.04.30"]

1. e4 c5 2. Nf3 d6 3. Bb5+ Bd7 4. Bxd7+ Nxd7 5. d4 cxd4 6. Qxd4 Ngf6 7. O-O g6
8. e5 dxe5 9. Nxe5 Bg7 10. Nc3 O-O 11. Nxd7 Nxd7 12. Qb4 Nb6 13. Bg5 Re8 14.
Rfe1 Bf8 15. Rad1 Qc7 16. Qb3 Rac8 17. Be3 Nc4 18. Bd4 Na5 19. Qa4 b6 20. Rd3
Red8 21. Qb5 Nc6 22. Red1 Rxd4 23. Rxd4 Nxd4 24. Rxd4 1/2-1/2

[Event "XLVI C.to Italiano a squadre Master"]
[Site "Condino ITA"]
[Date "2014.04.30"]
[Round "1"]
[White "Qendro, Llambi"]
[Black "Dvirnyy, Danyyil"]
[WhiteElo "2338"]
[BlackElo "2560"]
[Result "1/2-1/2"]
[PlyCount "81"]
[EventDate "2014.04.30"]

1. d4 Nf6 2. c4 e6 3. Nf3 d5 4. cxd5 exd5 5. Nc3 c6 6. Bg5 Be7 7. Qc2 g6 8. e3
Bf5 9. Bd3 Bxd3 10. Qxd3 O-O 11. O-O a5 12. Ne5 Nfd7 13. Bh6 Nxe5 14. dxe5 Re8
15. e4 Nd7 16. exd5 Nxe5 17. Qg3 Bh4 18. Qf4 Qf6 19. Rad1 Rad8 20. dxc6 Nxc6
21. Nd5 Qxf4 22. Bxf4 Nb4 23. Nxb4 axb4 24. b3 Re2 25. g3 Bf6 26. Rxd8+ Bxd8
27. Rd1 Bb6 28. Be3 Bxe3 29. fxe3 Rxe3 30. Rd4 Re1+ 31. Kf2 Ra1 32. Rxb4 Rxa2+
33. Kg1 Ra1+ 34. Kf2 Ra2+ 35. Kg1 Ra7 36. Kf2 Kf8 37. Ke3 h5 38. h4 Ke8 39. Rb6
Kd8 40. Kd4 Kc8 41. Ke4 1/2-1/2

[Event "XLVI C.to Italiano a squadre Master"]
[Site "Condino ITA"]
[Date "2014.04.30"]
[Round "1"]
[White "Ramondino, Renzo"]
[Black "Rombaldoni, Denis"]
[WhiteElo "2251"]
[BlackElo "2485"]
[Result "0-1"]
[PlyCount "82"]
[EventDate "2014.04.30"]

1. c4 c5 2. g3 Nc6 3. Bg2 g6 4. Nc3 Bg7 5. Nf3 e5 6. O-O d6 7. a3 a5 8. d3 Nge7
9. Bg5 h6 10. Bxe7 Nxe7 11. Ne1 h5 12. h4 Nf5 13. Nd5 a4 14. e3 Bd7 15. b4 axb3
16. Qxb3 Bc6 17. Qb6 Qxb6 18. Nxb6 Ra6 19. Nd5 Kd7 20. Bh3 Bxd5 21. cxd5 Kc7
22. Bxf5 gxf5 23. e4 fxe4 24. dxe4 Ra4 25. f3 f5 26. exf5 Rf8 27. Nc2 Rxf5 28.
Rab1 e4 29. fxe4 Rxf1+ 30. Rxf1 Be5 31. Kg2 Rxe4 32. Re1 Rc4 33. Ne3 Ra4 34. g4
hxg4 35. h5 Rxa3 36. h6 Ra2+ 37. Kg1 g3 38. Ng2 Bd4+ 39. Kh1 Rf2 40. Rd1 Rf6
41. Rxd4 Rf1# 0-1

[Event "XLVI C.to Italiano a squadre Master"]
[Site "Condino ITA"]
[Date "2014.04.30"]
[Round "1"]
[White "Rombaldoni, Axel"]
[Black "Amato, Andrea"]
[WhiteElo "2513"]
[BlackElo "2345"]
[Result "1-0"]
[PlyCount "75"]
[EventDate "2014.04.30"]

1. e4 d6 2. d4 Nf6 3. Nc3 e5 4. Nf3 Nbd7 5. Bc4 Be7 6. O-O O-O 7. a4 c6 8. Ba2
b6 9. Qe2 a6 10. Rd1 Qc7 11. h3 Rb8 12. d5 c5 13. Bc4 Ra8 14. Nh2 g6 15. Bh6
Re8 16. Qd2 Bf8 17. Bg5 Nh5 18. Be2 Ng7 19. Ng4 Be7 20. Nh6+ Kf8 21. Be3 f5 22.
f4 Bf6 23. exf5 Nxf5 24. Nxf5 gxf5 25. Bh5 Re7 26. fxe5 Nxe5 27. Rf1 Kg8 28.
Bh6 Nf7 29. Bxf7+ Rxf7 30. Rae1 Bd7 31. Qe2 Re7 32. Qxe7 Bxe7 33. Rxe7 c4 34.
Kh2 Qd8 35. Rfe1 f4 36. Rg7+ Kh8 37. Rg5 Qf6 38. Bg7+ 1-0

[Event "XLVI C.to Italiano a squadre Master"]
[Site "Condino ITA"]
[Date "2014.04.30"]
[Round "1"]
[White "Sader, Michael"]
[Black "Sibilio, Mario"]
[WhiteElo "2267"]
[BlackElo "2325"]
[Result "0-1"]
[PlyCount "54"]
[EventDate "2014.04.30"]

1. Nf3 d6 2. d4 Nf6 3. g3 g6 4. b3 Bg7 5. Bb2 O-O 6. Bg2 a5 7. O-O a4 8. c4
Nfd7 9. Qc2 axb3 10. axb3 Rxa1 11. Bxa1 Nc6 12. Bc3 e5 13. d5 Ne7 14. e4 f5 15.
Nbd2 Nc5 16. Ne1 fxe4 17. Nxe4 Bf5 18. b4 Nxe4 19. Bxe4 h6 20. Ng2 Qd7 21. f4
Bxe4 22. Qxe4 Qf5 23. Qe2 b5 24. Rd1 bxc4 25. Qxc4 Qf7 26. b5 Nf5 27. fxe5 Ne3
0-1

[Event "XLVI C.to Italiano a squadre Master"]
[Site "Condino ITA"]
[Date "2014.04.30"]
[Round "1"]
[White "Schacher, Gerd"]
[Black "Shytaj, Luca"]
[WhiteElo "2358"]
[BlackElo "2453"]
[Result "1/2-1/2"]
[PlyCount "81"]
[EventDate "2014.04.30"]

1. c4 c5 2. g3 Nc6 3. Bg2 g6 4. Nc3 Bg7 5. Nf3 e5 6. a3 Nge7 7. O-O O-O 8. Rb1
a5 9. Ne1 d6 10. Nc2 Be6 11. Ne3 f5 12. d3 Bf7 13. Ned5 Nxd5 14. Nxd5 Rb8 15.
b4 axb4 16. axb4 b5 17. cxb5 Rxb5 18. Qa4 Qb8 19. Bd2 Nxb4 20. Nxb4 cxb4 21.
Bc6 Rb6 22. Be3 Rxc6 23. Qxc6 Ba2 24. Rb2 b3 25. Rc1 Qb4 26. Qd5+ Kh8 27. Rc7
f4 28. Bd2 Qb6 29. Qb7 Qxb7 30. Rxb7 e4 31. R2xb3 Bxb3 32. Rxb3 fxg3 33. hxg3
d5 34. dxe4 dxe4 35. Rb7 Re8 36. Kg2 Kg8 37. Be3 Bf6 38. Kh3 Re7 39. Rxe7 Bxe7
40. Kg4 Bd6 41. Bf4 1/2-1/2

[Event "XLVI C.to Italiano a squadre Master"]
[Site "Condino ITA"]
[Date "2014.04.30"]
[Round "1"]
[White "Stromboli, Ettore"]
[Black "Mollero, Michele"]
[WhiteElo "2304"]
[BlackElo "2233"]
[Result "1-0"]
[PlyCount "91"]
[EventDate "2014.04.30"]

1. e4 e5 2. Nf3 Nf6 3. Nxe5 d6 4. Nf3 Nxe4 5. d4 d5 6. Bd3 Be7 7. O-O O-O 8. c4
c6 9. Re1 Bf5 10. Nc3 Nxc3 11. bxc3 Bxd3 12. Qxd3 Nd7 13. Rb1 b6 14. Bf4 Nf6
15. Ne5 Rc8 16. Qf3 Ne4 17. Nxc6 Rxc6 18. cxd5 Rxc3 19. Qxe4 Bd6 20. Bxd6 Qxd6
21. Qe5 Qd7 22. Qe7 Qxd5 23. Qxa7 Qxd4 24. Qxb6 Qxb6 25. Rxb6 Rc2 26. a4 Ra2
27. Ra6 h6 28. g3 Rd8 29. Re4 Rd1+ 30. Kg2 Rdd2 31. Rf4 f6 32. Ra7 Kh7 33. Rxf6
Rxa4 34. Rxh6+ Kxh6 35. Rxa4 g5 36. h4 gxh4 37. Rxh4+ Kg5 38. Rf4 Ra2 39. Kh3
Rb2 40. Rf8 Rb3 41. f4+ Kh5 42. Rf5+ Kg6 43. Ra5 Rc3 44. Kg4 Rc4 45. Ra6+ Kg7
46. Kg5 1-0

[Event "XLVI C.to Italiano a squadre Master"]
[Site "Condino ITA"]
[Date "2014.04.30"]
[Round "1"]
[White "Valsecchi, Alessio"]
[Black "Ladron De Guevara Pinto, Paolo"]
[WhiteElo "2407"]
[BlackElo "2325"]
[Result "1-0"]
[PlyCount "111"]
[EventDate "2014.04.30"]

1. Nf3 d5 2. c4 c6 3. g3 Nf6 4. Bg2 e6 5. b3 Be7 6. Bb2 O-O 7. O-O b6 8. d3 Bb7
9. e3 Nbd7 10. Qe2 c5 11. Rd1 Qc7 12. Nc3 Rac8 13. Rac1 Qb8 14. cxd5 Nxd5 15.
e4 Nxc3 16. Bxc3 Rfd8 17. Qb2 Bf6 18. Bxf6 Nxf6 19. a3 a5 20. Ne5 Rd4 21. Nc4
Ba6 22. f4 Rcd8 23. e5 Nd5 24. Qe2 Ne7 25. Be4 Qa7 26. Nd6 Nc8 27. Nc4 Bb7 28.
a4 Ba6 29. Rf1 Qc7 30. Rce1 Ne7 31. Qf2 Bxc4 32. bxc4 g6 33. g4 Nc6 34. Re3 Nb4
35. Qg3 Qd7 36. f5 Qe7 37. Ref3 R4d7 38. f6 Qf8 39. R1f2 h6 40. Qh3 Rd4 41. g5
h5 42. Bxg6 Rg4+ 43. Rg2 Rxg2+ 44. Kxg2 fxg6 45. Qxe6+ Kh8 46. f7 Kh7 47. Rh3
Qg7 48. Qf6 Rf8 49. e6 Nc6 50. Re3 Qh8 51. h4 Qg7 52. Re4 Ne7 53. Qxe7 Qb2+ 54.
Kg3 Qc1 55. Qxf8 Qg1+ 56. Kf4 1-0

[Event "XLVI C.to Italiano a squadre Master"]
[Site "Condino ITA"]
[Date "2014.05.01"]
[Round "2"]
[White "Amato, Andrea"]
[Black "Napoli, Nicolo'"]
[WhiteElo "2345"]
[BlackElo "2241"]
[Result "1-0"]
[PlyCount "81"]
[EventDate "2014.04.30"]

1. d4 Nf6 2. c4 c5 3. d5 b5 4. cxb5 a6 5. Nc3 axb5 6. e4 b4 7. Nb5 d6 8. Bc4
Nbd7 9. Nf3 Nb6 10. Bd3 Ba6 11. Qe2 Bc8 12. O-O Bg4 13. h3 Bxf3 14. Qxf3 Nfd7
15. b3 Ne5 16. Qe2 g5 17. Bxg5 Bg7 18. a4 Nxd3 19. Qxd3 Bxa1 20. Rxa1 Rg8 21.
Bf4 Rg6 22. h4 f6 23. h5 Rg4 24. Qf3 Rg8 25. Qe2 Qd7 26. f3 Kf7 27. g4 Rgc8 28.
Be3 Qb7 29. Qh2 Nxa4 30. Qxd6 Ra6 31. Qh2 Qxb5 32. bxa4 Rxa4 33. Re1 Rca8 34.
g5 Rg8 35. Qh3 Qa6 36. Qf5 Rg7 37. Kh2 Ra3 38. e5 Ra2+ 39. Kh3 Ra3 40. exf6
exf6 41. Qd7+ 1-0

[Event "XLVI C.to Italiano a squadre Master"]
[Site "Condino ITA"]
[Date "2014.05.01"]
[Round "2"]
[White "Arlandi, Ennio"]
[Black "Brun, Dario"]
[WhiteElo "2430"]
[BlackElo "2275"]
[Result "1-0"]
[PlyCount "103"]
[EventDate "2014.04.30"]

1. d4 d5 2. c4 c6 3. Nf3 Nf6 4. e3 e6 5. Bd3 dxc4 6. Bxc4 Nbd7 7. O-O Bd6 8.
Qe2 O-O 9. Rd1 Qc7 10. h3 e5 11. Nc3 exd4 12. Nxd4 Nc5 13. a3 a5 14. Ba2 a4 15.
Bd2 Be5 16. Rac1 b6 17. Be1 Ba6 18. Qc2 Rfd8 19. Nce2 Nfe4 20. Bc4 Bxc4 21.
Qxc4 Rac8 22. Qc2 g6 23. Bb4 Rd5 24. f3 Bh2+ 25. Kf1 Ng3+ 26. Nxg3 Qxg3 27. e4
Rxd4 28. Rxd4 Nb3 29. Rd7 Nxc1 30. Qxc1 Qf4 31. Qd1 Qf6 32. Be7 Qe6 33. Rd8+
Kg7 34. Bf8+ Kf6 35. Qd3 Be5 36. Qd2 g5 37. h4 Bf4 38. hxg5+ Kxg5 39. Qd3 Rxd8
40. Qxd8+ Kg6 41. Qd4 Be5 42. Qxa4 Qe8 43. Qb4 Qd8 44. Be7 Qd3+ 45. Kf2 Qc2+
46. Ke3 Qc1+ 47. Kd3 Qd1+ 48. Qd2 Qxd2+ 49. Kxd2 Bd4 50. Kd3 Bg1 51. a4 h5 52.
g4 1-0

[Event "XLVI C.to Italiano a squadre Master"]
[Site "Condino ITA"]
[Date "2014.05.01"]
[Round "2"]
[White "Collutiis, Duilio"]
[Black "Vocaturo, Daniele"]
[WhiteElo "2462"]
[BlackElo "2579"]
[Result "1/2-1/2"]
[PlyCount "106"]
[EventDate "2014.04.30"]

1. e4 e6 2. d4 d5 3. Nd2 Be7 4. e5 c5 5. Qg4 Kf8 6. dxc5 Nc6 7. Ndf3 Bxc5 8.
Bd3 f6 9. Bf4 Qb6 10. O-O-O Bxf2 11. Rf1 f5 12. Qh3 Be3+ 13. Bxe3 Qxe3+ 14. Kb1
Nh6 15. Re1 Qf4 16. g3 Qg4 17. Qg2 Bd7 18. Ne2 Qb4 19. Nf4 Kg8 20. h3 Rf8 21.
Ng5 Qe7 22. h4 Nd8 23. Qg1 Nhf7 24. Nxf7 Nxf7 25. Bxf5 Nh6 26. Bh3 b6 27. Qd4
Nf5 28. Qd3 g6 29. Bxf5 Rxf5 30. h5 Be8 31. Ref1 g5 32. Ng2 Rxf1+ 33. Qxf1 h6
34. Ne3 Qf7 35. Qe2 Kg7 36. Ng4 Qc7 37. Nf6 Bf7 38. Rf1 b5 39. Qf3 Rc8 40. Qd3
Rh8 41. g4 a6 42. Qd4 Rc8 43. c3 Qc4 44. Qf2 Rc7 45. Rd1 Rc8 46. a3 Qc7 47. Rf1
a5 48. Ka1 Qe7 49. Qb6 b4 50. cxb4 axb4 51. Qxb4 Qa7 52. Qd2 Qa6 53. Qf2 Qb7
1/2-1/2

[Event "XLVI C.to Italiano a squadre Master"]
[Site "Condino ITA"]
[Date "2014.05.01"]
[Round "2"]
[White "De Filomeno, Simone"]
[Black "Piscopo, Pierluigi"]
[WhiteElo "2430"]
[BlackElo "2409"]
[Result "1/2-1/2"]
[PlyCount "69"]
[EventDate "2014.04.30"]

1. d4 Nf6 2. c4 e6 3. Nc3 Bb4 4. f3 c5 5. a3 cxd4 6. axb4 dxc3 7. bxc3 d5 8.
cxd5 exd5 9. Be3 O-O 10. Rxa7 Rxa7 11. Bxa7 Nc6 12. Bd4 Nd7 13. e3 Nde5 14. Bb5
Qg5 15. Kf2 Bd7 16. Bxc6 Nxc6 17. Ne2 Ra8 18. Qd2 Nd8 19. h4 Qh6 20. c4 dxc4
21. Bxg7 Qxg7 22. Qxd7 f6 23. Qxg7+ Kxg7 24. Nd4 Ra2+ 25. Kg3 Rb2 26. b5 Nf7
27. Rc1 Nd6 28. e4 Kf7 29. Rc3 Ke7 30. Nf5+ Nxf5+ 31. exf5 Rb4 32. Kf4 Kd6 33.
g4 Kd5 34. g5 Rxb5 35. gxf6 1/2-1/2

[Event "XLVI C.to Italiano a squadre Master"]
[Site "Condino ITA"]
[Date "2014.05.01"]
[Round "2"]
[White "Dvirnyy, Danyyil"]
[Black "Stromboli, Carlo"]
[WhiteElo "2560"]
[BlackElo "2332"]
[Result "1/2-1/2"]
[PlyCount "139"]
[EventDate "2014.04.30"]

1. c4 Nf6 2. g3 e6 3. Bg2 d5 4. Nf3 Be7 5. O-O O-O 6. b3 c5 7. Bb2 b6 8. e3 Bb7
9. Nc3 Nbd7 10. Qe2 Ne4 11. cxd5 exd5 12. d4 Ndf6 13. Rfd1 Nxc3 14. Bxc3 Ne4
15. Bb2 Bf6 16. Ne5 cxd4 17. Bxd4 Qe7 18. Qb2 Rac8 19. Nf3 Rc7 20. Rdc1 Rfc8
21. Bh3 Rxc1+ 22. Rxc1 Rxc1+ 23. Qxc1 h6 24. Bc8 Bxd4 25. Nxd4 Nd6 26. Bf5 Qd8
27. Bd3 Qd7 28. f3 Qe7 29. Kf2 Qd7 30. h4 Qd8 31. Qc3 Qd7 32. Ne2 Ne8 33. Qe5
Kf8 34. Nc3 Qd6 35. Qxd6+ Nxd6 36. Bf1 Ke7 37. Bh3 Ne8 38. Nb5 a6 39. Nd4 Nd6
40. Ke2 Kd8 41. Kd2 Kc7 42. Bf1 Bc8 43. Bd3 Ne8 44. Kc3 Kd6 45. b4 Nc7 46. a4
a5 47. bxa5 bxa5 48. Bf5 Ne6 49. Nb3 Bd7 50. Nxa5 Bxa4 51. Nb7+ Ke5 52. Bh3 g5
53. hxg5 hxg5 54. Bxe6 fxe6 55. Nc5 Bd1 56. f4+ gxf4 57. gxf4+ Kf5 58. Kd4 Bc2
59. Na6 Bb1 60. Nb4 Be4 61. Na2 Kg4 62. Nc3 Kf3 63. Nb5 Bf5 64. Nc7 Ke2 65. Ne8
Kf3 66. Nd6 Bb1 67. Nf7 Bf5 68. Ng5+ Ke2 69. Nxe6 Bxe6 70. e4 1/2-1/2

[Event "XLVI C.to Italiano a squadre Master"]
[Site "Condino ITA"]
[Date "2014.05.01"]
[Round "2"]
[White "Gajewski, Grzegorz"]
[Black "Erdos, Viktor"]
[WhiteElo "2631"]
[BlackElo "2651"]
[Result "1/2-1/2"]
[PlyCount "72"]
[EventDate "2014.04.30"]

1. Nf3 c5 2. c4 Nc6 3. d4 cxd4 4. Nxd4 Nf6 5. Nc3 e6 6. Bf4 d5 7. e3 Bb4 8.
Nxc6 bxc6 9. Qa4 a5 10. Qxc6+ Bd7 11. Qc7 Qxc7 12. Bxc7 Ke7 13. Be5 Rhc8 14. a3
Bxc3+ 15. Bxc3 dxc4 16. Rc1 Ne4 17. Bxg7 f6 18. f3 Nd6 19. Rd1 Rc6 20. e4 e5
21. g4 Nf7 22. g5 Nxg5 23. Bh6 Rb8 24. Bxg5 fxg5 25. Rg1 g4 26. Rg2 c3 27. bxc3
Rxc3 28. fxg4 Rxa3 29. g5 Re3+ 30. Re2 Rc3 31. Rf2 Rb4 32. Rd5 Rxe4+ 33. Kd2
Ra3 34. Bd3 Ra2+ 35. Kc3 Rxf2 36. Bxe4 Rxh2 1/2-1/2

[Event "XLVI C.to Italiano a squadre Master"]
[Site "Condino ITA"]
[Date "2014.05.01"]
[Round "2"]
[White "Georgiev, Kiril D."]
[Black "Iordachescu, Viorel"]
[WhiteElo "2623"]
[BlackElo "2601"]
[Result "1-0"]
[PlyCount "97"]
[EventDate "2014.04.30"]

1. d4 Nf6 2. c4 e6 3. Nf3 b6 4. g3 Bb7 5. Bg2 Be7 6. O-O O-O 7. Bf4 Qc8 8. Nc3
Ne4 9. Qc2 Nxc3 10. Qxc3 a5 11. d5 Na6 12. e4 Nc5 13. Nd4 d6 14. Rad1 Bf6 15.
Be3 g6 16. Bh6 Re8 17. Qc2 e5 18. Nb5 Ba6 19. b3 Qd8 20. Be3 Qe7 21. a3 a4 22.
b4 Nb3 23. Bh3 h5 24. Qd3 h4 25. Nc3 Bb7 26. Nb5 Kg7 27. Bg4 Rh8 28. Kg2 Ba6
29. Rde1 Rh7 30. Nc3 Nd4 31. f4 hxg3 32. hxg3 Rah8 33. Rh1 Qe8 34. Bxd4 exd4
35. Nb5 Bc8 36. Nxc7 Qd8 37. Bxc8 Qxc8 38. Nb5 Rxh1 39. Rxh1 Rxh1 40. Kxh1 Qh3+
41. Kg1 g5 42. fxg5 Be5 43. Nxd4 Kg6 44. Nf5 Qg4 45. Kg2 Qxg5 46. Qe2 Kf6 47.
Qf2 Kg6 48. Qxb6 Qc1 49. Qe3 1-0

[Event "XLVI C.to Italiano a squadre Master"]
[Site "Condino ITA"]
[Date "2014.05.01"]
[Round "2"]
[White "Georgiev, Vladimir"]
[Black "Antoniewski, Rafal"]
[WhiteElo "2553"]
[BlackElo "2540"]
[Result "1/2-1/2"]
[PlyCount "46"]
[EventDate "2014.04.30"]

1. d4 d5 2. c4 dxc4 3. Nf3 a6 4. e3 b5 5. a4 Bb7 6. b3 e6 7. bxc4 bxc4 8. Bxc4
Nf6 9. O-O c5 10. Ba3 Nbd7 11. Nbd2 cxd4 12. Bxf8 Nxf8 13. Nxd4 N8d7 14. Rb1
Rb8 15. Qe2 Nc5 16. N2b3 Nxa4 17. Ra1 Nc3 18. Qb2 Ncd5 19. Na5 Ba8 20. Qa3 Qe7
21. Qa4+ Qd7 22. Qa3 Qe7 23. Qa4+ Qd7 1/2-1/2

[Event "XLVI C.to Italiano a squadre Master"]
[Site "Condino ITA"]
[Date "2014.05.01"]
[Round "2"]
[White "Guido, Flavio"]
[Black "David, Alberto"]
[WhiteElo "2413"]
[BlackElo "2579"]
[Result "0-1"]
[PlyCount "89"]
[EventDate "2014.04.30"]

1. e4 c5 2. c3 d5 3. exd5 Qxd5 4. d4 Nc6 5. Nf3 Bf5 6. Be3 Nf6 7. c4 Qd8 8. Nc3
e6 9. Qa4 Nd7 10. d5 Nb6 11. Qb3 Nb4 12. Rc1 exd5 13. Nxd5 N4xd5 14. cxd5 a6
15. Be2 Rc8 16. O-O Bd6 17. Bd2 c4 18. Bxc4 O-O 19. Bg5 f6 20. Be3 Nxc4 21.
Rxc4 Rxc4 22. Qxc4 Re8 23. Rd1 Qc8 24. Qxc8 Rxc8 25. Nd4 Bd7 26. f4 Rc5 27. Nb3
Rb5 28. Rd2 Be8 29. Nc1 Bf7 30. Ne2 Rxd5 31. Rxd5 Bxd5 32. Nc3 Bc6 33. g3 Kf7
34. Kf2 h5 35. Bd4 Ke6 36. Ke3 Kf5 37. Ne2 Kg4 38. Kf2 Kh3 39. Kg1 Bf3 40. Nc1
h4 41. Bf2 Be4 42. Ne2 Kg4 43. gxh4 Bd5 44. Bg3 Bc4 45. Nc3 0-1

[Event "XLVI C.to Italiano a squadre Master"]
[Site "Condino ITA"]
[Date "2014.05.01"]
[Round "2"]
[White "Lostuzzi, Manlio"]
[Black "Garcia Palermo, Carlos Horacio"]
[WhiteElo "2420"]
[BlackElo "2455"]
[Result "0-1"]
[PlyCount "60"]
[EventDate "2014.04.30"]

1. e4 e5 2. Nf3 Nc6 3. Bb5 a6 4. Ba4 Nf6 5. O-O Be7 6. Bxc6 dxc6 7. d3 Qd6 8.
Nbd2 Be6 9. Ng5 Nd7 10. Nxe6 Qxe6 11. Nc4 b5 12. Ne3 g6 13. f4 exf4 14. Rxf4
Bd6 15. Rh4 O-O-O 16. a4 Kb7 17. Bd2 h5 18. Rh3 f5 19. exf5 gxf5 20. Rf3 Ne5
21. Nxf5 Bc5+ 22. Be3 Nxf3+ 23. Qxf3 Rhf8 24. Bxc5 Rxf5 25. Qe3 Qd5 26. b4 Rg8
27. Qh3 Rxg2+ 28. Qxg2 Rg5 29. Qxg5 Qxg5+ 30. Kh1 bxa4 0-1

[Event "XLVI C.to Italiano a squadre Master"]
[Site "Condino ITA"]
[Date "2014.05.01"]
[Round "2"]
[White "Marinelli, Tullio"]
[Black "Rombaldoni, Denis"]
[WhiteElo "2367"]
[BlackElo "2485"]
[Result "1/2-1/2"]
[PlyCount "121"]
[EventDate "2014.04.30"]

1. d4 d5 2. c4 Nc6 3. cxd5 Qxd5 4. e3 e5 5. Nc3 Bb4 6. Bd2 Bxc3 7. bxc3 Nf6 8.
c4 Qd6 9. d5 Nb8 10. Rb1 Na6 11. Nf3 Ne4 12. Bd3 Nxd2 13. Nxd2 Nc5 14. Ne4
Nxd3+ 15. Qxd3 Qg6 16. g3 Bg4 17. Nc5 b6 18. Qxg6 hxg6 19. Nb3 O-O-O 20. Nd2 e4
21. f3 exf3 22. Kf2 c6 23. e4 f5 24. Nxf3 fxe4 25. Ne5 Bf3 26. Nxf3 Rhf8 27.
Rhe1 Rxf3+ 28. Kg2 cxd5 29. cxd5 Rxd5 30. Rxe4 Rfd3 31. Rb2 Rd2+ 32. Re2 Rxb2
33. Rxb2 Kb7 34. Kf3 Ka6 35. Ke4 Rc5 36. Rf2 Rc7 37. Kd5 Kb5 38. Kd6 Rc6+ 39.
Ke7 Rc7+ 40. Kd6 Rb7 41. Rf4 Ka5 42. Kc6 b5 43. h4 Re7 44. Kd6 Rb7 45. Kc6 Rb6+
46. Kc5 a6 47. Rf7 Re6 48. Rxg7 Ka4 49. Kd5 Rb6 50. Rf7 Ka3 51. Rf2 b4 52. g4
a5 53. Rh2 a4 54. h5 gxh5 55. gxh5 b3 56. axb3 axb3 57. Ke5 Rc6 58. Kf5 Rc2 59.
Rh3 Ka2 60. Rxb3 Kxb3 61. Ke4 1/2-1/2

[Event "XLVI C.to Italiano a squadre Master"]
[Site "Condino ITA"]
[Date "2014.05.01"]
[Round "2"]
[White "Mariotti, Sergio"]
[Black "Mazzilli, Piero"]
[WhiteElo "2295"]
[BlackElo "2362"]
[Result "1/2-1/2"]
[PlyCount "27"]
[EventDate "2014.04.30"]

1. c4 e5 2. Nc3 Nf6 3. Nf3 Nc6 4. d4 exd4 5. Nxd4 Bb4 6. g3 d6 7. Bg2 Bd7 8.
O-O Bxc3 9. bxc3 O-O 10. Rb1 Rb8 11. Bg5 Qe7 12. Bxf6 Qxf6 13. Nxc6 bxc6 14.
Qd4 1/2-1/2